00253nam a2200097Ia 4500008004100000082001200041100001900053245006800072260000600140300000900146190415s9999 xx 000 0 und d aRI.001; aIyer, K. Gopal 0aStudy on agrarian structure and peasant movements in Tamil Nadu c0 av.p.